Qosqo Hatun LLaqta 2023 : (Record no. 23331)

000 -CABECERA
fixed length control field 00826nam a22002057i 4500
003 - IDENTIFICADOR DEL NÚMERO DE CONTROL
control field AR-CdUCM
008 - DATOS DE LONGITUD FIJA--INFORMACIÓN GENERAL
fixed length control field 250722b20232023 pe||||| |||| 00| 0 spa d
040 ## - FUENTE DE LA CATALOGACIÓN
Agencia/entidad que catalogó originalmente la obra MUNICIPALIDAD PROVINCIAL DEL CUSCO
Entidad que transcribió la catalogación BIBLIOTECA MUNICIPAL DEL CUSCO
082 ## - NÚMERO DE LA CLASIFICACIÓN DECIMAL DEWEY
No. de Clasificación 869.53 / Q75
Notacion interna Q75
100 ## - ENTRADA PRINCIPAL--NOMBRE DE PERSONA
Nombre Personal Quispe Rojas, Allison Cattleya Bhella
245 ## - MENCIÓN DE TÍTULO
Título Qosqo Hatun LLaqta 2023 :
Resto del título I Concurso de Poesía en Quechua y Cuentos Tradicionales en Castellano /
300 ## - DESCRIPCIÓN FÍSICA
Nº de Páginas Extensión 78 páginas. :
Dimensiones 20x21 cm.
505 ## - NOTA DE CONTENIDO CON FORMATO
Nota de contenido formateada Munasqay Qosqo -- Hombre de Qoyllurpukyo -- Ciudad de oro -- Atoqwan Kuntuwan
700 ## - PUNTO DE ACCESO ADICIONAL--NOMBRE DE PERSONA
Nombre Personal Ortiz Cjuno, Ángeles Sheyla
9 (RLIN) 51262
700 ## - PUNTO DE ACCESO ADICIONAL--NOMBRE DE PERSONA
Nombre Personal Teran Lagos, Christopher Remé
9 (RLIN) 51263
700 ## - PUNTO DE ACCESO ADICIONAL--NOMBRE DE PERSONA
Nombre Personal Vargas Ttito, Yherson Italo
9 (RLIN) 51264
942 ## - ELEMENTOS DE PUNTO DE ACCESO ADICIONAL (KOHA)
Fuente de clasificación
Tipo de item Libros-BMC
945 ## - PROCESAMIENTO DE INFORMACIÓN LOCAL (OCLC)
Catalogador pbjr
AAAA-MM-DD - Fecha de ingreso o modificacion 22-07-2025
Holdings
Estado de retiro (separado) Fuente de clasificación o esquema de estanterías Estado dañado Ubicación Sala donde se ubica Nombre de la colección Fecha de adquisición o compra Fuente de adquisición Costo, precio normal en soles Signatura topográfica Código de Barras Última vez visto (Koha) Tipo de ítem (Koha)
No     Sala Humanidades Sala Humanidades Book Cart 2025-07-22 Donación 10.00 869.53 / Q75 SH0000016941 2025-07-22 Libros-BMC

Powered by Koha